Word Ladder: The Reagan Presidency Quiz Stats

 Plays Quiz Updated Nov 27, 2016

Challenge
Share
Tweet
Embed
Score 0/60 Timer 06:00
1 Play Today
Hint 4-Letter Word % Correct
Like 2, 4, 6, 8, etc.EVEN
96.3%
✪ USSR as '___ Empire' ✪EVIL
93.3%
Be consumed by fireBURN
93.1%
Daredevil KnievelEVEL
93%
Russia's 'Terrible' TsarIVAN
92.6%
✪ SDI: ___ Wars ✪STAR
92%
Capital of SwitzerlandBERN
91.2%
Longoria or Rachel WoodEVAN
90.8%
Lay the dead to restBURY
90.8%
String, lima, or navy, e.g.BEAN
90.6%
✪ In Berlin: 'Tear down this ___!' ✪WALL
89.4%
Militarized police teamSWAT
89.1%
Mickey Mouse creator DisneyWALT
88.9%
RBI, ERA, batting avg., e.g.STAT
87.5%
Singer Nat King or NatalieCOLE
87.5%
✪ Ending the ___ War ✪COLD
87.5%
Ursine mammalBEAR
86.4%
✪ ___-Contra affair ✪IRAN
85.6%
Worm on fishhookBAIT
85.5%
Scorch surface with intense heatSEAR
85.3%
Game of fairways and greensGOLF
85.2%
Execute by nooseHANG
85.2%
Icy pellets in a stormHAIL
85.1%
✪ Drug awareness: '___ Say No!' ✪JUST
84.3%
Scoop water out of a boatBAIL
82.9%
✪ VP & next POTUS George H. W. ✪BUSH
82.7%
Head and shoulders statuetteBUST
81.7%
Confident or certainSURE
81.5%
Have had on clothingWORE
81.2%
Employment or laborWORK
81.1%
Hint 4-Letter Word % Correct
✪ US ___ Commission ✪GOLD
78.4%
Male bovineBULL
77.3%
✪ Sec. of State Alexander ✪HAIG
76.9%
UnadulteratedPURE
76.8%
Drill a holeBORE
75.9%
M*A*S*H actress LorettaSWIT
74.7%
✪ Libya: ___ of Sidra Incident ✪GULF
73.5%
✪ Failed SCOTUS nominee Robert ✪BORK
70%
Something done to cause laughterJEST
69.8%
Secret listening deviceWIRE
69.4%
Street toughs, perhapsGANG
68.6%
Dam counterpart in horsesSIRE
68.5%
Knitting stitchPURL
67.4%
Discharge or radiateEMIT
67.4%
Person who is easily deceived GULL
66.3%
✪ Supply-___ economics ✪SIDE
66.2%
Nobel Prize chemist FischerEMIL
64.9%
Having great extent WIDE
61.7%
Struck hard with hand (archaic)SMIT
61.2%
Underground aquifer access shaftWELL
59.9%
✪ Sec. of Transportation Elizabeth ✪DOLE
57.2%
✪ Grenada: Operation Urgent ___FURY
56.1%
✪ Sec. of Education Terrel ✪BELL
55.1%
Roll up neatlyFURL
51.1%
19th c. French illustrator GustaveDORÉ
51.1%
Chivalrous man GENT
50.8%
Swedish clothing brandGANT
45.7%
Tale of adventuresGEST
45.3%
✪ Sec. of Interior James G. ✪WATT
43.7%
Insulation unitBATT
41.7%

Today's Daily Dose

You're not logged in!

Compare scores with friends on all Sporcle quizzes.
OR
Log In

You Might Also Like...

Show Comments

Extras

Top Quizzes Today


Score Distribution

Your Account Isn't Verified!

In order to create a playlist on Sporcle, you need to verify the email address you used during registration. Go to your Sporcle Settings to finish the process.

Report this User

Report this user for behavior that violates our Community Guidelines.

Details: